[Event "DEM U10 2019"]
[Site "Willingen GER"]
[Date "2019.06.10"]
[Round "3"]
[White "Yang, Marco"]
[Black "Dordevic, Tom"]
[Result "0-1"]
[Termination "normal"]
[Board "15"]
[WhiteElo "1278"]
[BlackElo "1158"]
[PlyCount "106"]
[WhiteFideId "16254260"]
[BlackFideId "16260503"]
[EventCountry "GER"]
[EventRounds "11"]
[EventType "swiss"]
[EventDate "2019.06.08"]

1. e4 c5 2. d4 cxd4 3. c3 dxc3 4. Nxc3 Nc6 5. Nf3 e6 6. Bc4 a6 7. O-O d6 8. Qe2
Qc7 9. Be3 b5 10. Bd3 Nf6 11. Bf4 Be7 12. e5 dxe5 13. Nxe5 Nxe5 14. Bxe5 Bd6
15. Bxf6 Bxh2+ 16. Kh1 gxf6 17. g3 Bxg3 18. fxg3 Qxg3 19. Qg2 Qh4+ 20. Qh2 Bb7+
21. Ne4 Bxe4+ 22. Bxe4 Qxe4+ 23. Qg2 Qxg2+ 24. Kxg2 Ke7 25. Rf2 Rhg8+ 26. Kf3
Rg5 27. Ke4 Rd8 28. Raf1 Re5+ 29. Kf4 Rf5+ 30. Ke4 Rdd5 31. Rxf5 Rxf5 32. Rh1
Rf2 33. Rxh7 Rxb2 34. a3 Rb3 35. Rh4 Rxa3 36. Rh1 b4 37. Rh8 b3 38. Rb8 a5 39.
Rb5 Ra4+ 40. Kd3 Rb4 41. Rxa5 b2 42. Kc3 b1=Q 43. Ra7+ Rb7 44. Ra6 Qb4+ 45. Kc2
Qc4+ 46. Kd1 Rb1+ 47. Kd2 Rb2+ 48. Ke3 Rb3+ 49. Kd2 Qc3+ 50. Kd1 Rb1+ 51. Ke2
Rb2+ 52. Kd1 Qd3+ 53. Ke1 Qe2# 0-1

[Event "DEM U10 2019"]
[Site "Willingen GER"]
[Date "2019.06.10"]
[Round "3"]
[White "Huang, Luca Hanson"]
[Black "Scheerer, Julian"]
[Result "0-1"]
[Termination "normal"]
[Board "16"]
[WhiteElo "1261"]
[BlackElo "1395"]
[PlyCount "42"]
[WhiteFideId "16279182"]
[BlackFideId "16265769"]
[EventCountry "GER"]
[EventRounds "11"]
[EventType "swiss"]
[EventDate "2019.06.08"]

1. e4 e5 2. Nf3 Nc6 3. Bc4 Bc5 4. c3 Nf6 5. d4 exd4 6. cxd4 Bb4+ 7. Nc3 Nxe4 8.
O-O Bxc3 9. bxc3 d5 10. Re1 O-O 11. Bd3 Re8 12. Qc2 Bf5 13. Ba3 Qf6 14. Rab1 b6
15. Nd2 Nxd2 16. Qxd2 h6 17. Rbc1 Na5 18. Re3 Rxe3 19. Qxe3 Bxd3 20. Qxd3 Nc4
21. Bb4 a5 0-1

[Event "DEM U10 2019"]
[Site "Willingen GER"]
[Date "2019.06.10"]
[Round "3"]
[White "Jumah, Shayan"]
[Black "Xue, Luka"]
[Result "0-1"]
[Termination "normal"]
[Board "17"]
[WhiteElo "1295"]
[BlackElo "1429"]
[PlyCount "100"]
[WhiteFideId "16281888"]
[BlackFideId "16277252"]
[EventCountry "GER"]
[EventRounds "11"]
[EventType "swiss"]
[EventDate "2019.06.08"]

1. e4 e5 2. Nf3 Nc6 3. Bb5 a6 4. Ba4 Nf6 5. d3 Bc5 6. O-O O-O 7. Bg5 d6 8. h3
b5 9. Bb3 Be6 10. Nbd2 a5 11. c3 a4 12. Bd5 Bxd5 13. exd5 Ne7 14. Bxf6 gxf6 15.
c4 b4 16. Nh4 Kh8 17. Qh5 Ng6 18. Nf5 Nf4 19. Qh6 Rg8 20. g3 Rg6 21. Qh4 Qd7
22. Kh1 Nxd3 23. Ne4 Qxf5 24. f3 Rag8 25. b3 a3 26. Rad1 Nb2 27. Rd2 Qd7 28.
Nxf6 Rxf6 29. Qxf6+ Rg7 30. Kh2 Be3 31. Qh4 Bg5 32. Qe4 Bxd2 33. f4 exf4 34.
gxf4 f5 35. Qd4 Bc3 36. Qe3 Qe7 37. Qf3 Qe4 38. Qf2 Qd4 39. Qf3 Qd2+ 40. Rf2
Qd1 41. Qxd1 Nxd1 42. Re2 Kg8 43. Re8+ Kf7 44. Re2 Kg6 45. Rg2+ Kh6 46. Re2 Bf6
47. Re6 Kg6 48. Re2 Re7 49. Rg2+ Kf7 50. Rd2 Nc3 0-1

[Event "DEM U10 2019"]
[Site "Willingen GER"]
[Date "2019.06.10"]
[Round "3"]
[White "Goldmann, David"]
[Black "Gärtner, Alessandro"]
[Result "1-0"]
[Termination "normal"]
[Board "18"]
[WhiteElo "1477"]
[BlackElo "1233"]
[PlyCount "85"]
[WhiteFideId "16268920"]
[BlackFideId "16268024"]
[EventCountry "GER"]
[EventRounds "11"]
[EventType "swiss"]
[EventDate "2019.06.08"]

1. e4 c5 2. Nc3 Nc6 3. d3 g6 4. g3 Bg7 5. Bg2 Nf6 6. Nge2 O-O 7. f4 d6 8. O-O
Bd7 9. h3 Qc8 10. Kh2 Re8 11. g4 a6 12. Ng3 Rf8 13. g5 Ne8 14. h4 Bg4 15. Bf3
Bxf3 16. Qxf3 Nd4 17. Qd1 Nc7 18. f5 Be5 19. Bf4 Bxf4 20. Rxf4 b5 21. h5 e5 22.
Rf2 Qd8 23. Qg4 Qd7 24. Raf1 a5 25. Nd5 Nxd5 26. exd5 b4 27. Ne4 Qe7 28. Nf6+
Kg7 29. fxg6 hxg6 30. c3 bxc3 31. bxc3 Nb5 32. Nd7 gxh5 33. Qh3 Rfd8 34. Rxf7+
Qxf7 35. Rxf7+ Kxf7 36. Qe6+ Kg7 37. Qf6+ Kh7 38. Qf7+ Kh8 39. Nf6 Ra7 40.
Qxh5+ Kg7 41. Qh7+ Kf8 42. Qg8+ Ke7 43. Qg7# 1-0

[Event "DEM U10 2019"]
[Site "Willingen GER"]
[Date "2019.06.10"]
[Round "3"]
[White "Jouani, Zakharia"]
[Black "Guo, Jacob Tingshen"]
[Result "0-1"]
[Termination "normal"]
[Board "19"]
[WhiteElo "1507"]
[BlackElo "1420"]
[PlyCount "84"]
[WhiteFideId "16206746"]
[BlackFideId "16245245"]
[EventCountry "GER"]
[EventRounds "11"]
[EventType "swiss"]
[EventDate "2019.06.08"]

1. e4 c5 2. d4 e6 3. Nf3 Nf6 4. e5 Nd5 5. c4 Nb6 6. d5 d6 7. dxe6 Bxe6 8. Nc3
Nc6 9. exd6 Bxd6 10. b3 O-O 11. Bd3 Re8 12. O-O Ne5 13. Bc2 Bg4 14. Be4 Rb8 15.
Bf4 Qf6 16. Bxe5 Bxe5 17. Nd5 Nxd5 18. Bxd5 Bxa1 19. Qxa1 Qxa1 20. Rxa1 h6 21.
h3 Be6 22. Rd1 Rbd8 23. Kh2 Bxd5 24. cxd5 Re2 25. d6 Re6 26. d7 Re7 27. Rd5 b6
28. Ne5 f6 29. Nc6 Rexd7 30. Nxd8 Rxd5 31. Nc6 Rd7 32. f3 a5 33. Nb8 Rd6 34.
Na6 Rd2 35. a3 Rb2 36. Nc7 Rxb3 37. Nd5 c4 38. Kg3 c3 39. Ne3 Rb2 40. Nd1 c2
41. Nxb2 c1=Q 42. Nd3 Qxa3 0-1

[Event "DEM U10 2019"]
[Site "Willingen GER"]
[Date "2019.06.10"]
[Round "3"]
[White "Herrmann, Jakob"]
[Black "Torosyan, Bagrat"]
[Result "0-1"]
[Termination "normal"]
[Board "20"]
[WhiteElo "1124"]
[BlackElo "1444"]
[PlyCount "114"]
[WhiteFideId "16287169"]
[BlackFideId "16258134"]
[EventCountry "GER"]
[EventRounds "11"]
[EventType "swiss"]
[EventDate "2019.06.08"]

1. d4 Nf6 2. Nc3 d5 3. Bg5 Bf5 4. e3 e6 5. Bd3 Bxd3 6. Qxd3 Be7 7. Nf3 a6 8.
O-O O-O 9. e4 dxe4 10. Nxe4 Nxe4 11. Bxe7 Qxe7 12. Qxe4 c6 13. Rad1 Nd7 14. a3
Nf6 15. Qe2 Rfd8 16. c4 b5 17. cxb5 cxb5 18. Ne5 Qb7 19. f3 Qb6 20. Qf2 Rd5 21.
Ng4 Nxg4 22. fxg4 Rd7 23. Qf3 Rf8 24. Qf2 Rd5 25. Rfe1 Rfd8 26. Rf1 Qa7 27. Kh1
Rxd4 28. Rxd4 Rxd4 29. h3 Rd7 30. Qc2 Qc7 31. Qe4 h6 32. Qa8+ Rd8 33. Qxa6 Qc4
34. Rf3 Rd1+ 35. Kh2 Qc7+ 36. Rg3 Qb8 37. Qa5 Rd3 38. Qe1 Qf4 39. h4 h5 40. b4
g6 41. a4 bxa4 42. b5 g5 43. hxg5 h4 44. g6 Qxg3+ 45. Qxg3 hxg3+ 46. Kh3 fxg6
47. b6 Rb3 48. g5 a3 49. Kg4 a2 50. b7 a1=Q 51. b8=Q+ Rxb8 52. Kxg3 Qc3+ 53.
Kh4 Rb4+ 54. g4 Qe1+ 55. Kh3 Rb3+ 56. Kg2 Qe2+ 57. Kg1 Rb1# 0-1

[Event "DEM U10 2019"]
[Site "Willingen GER"]
[Date "2019.06.10"]
[Round "3"]
[White "Barthel, Jacob"]
[Black "Zobel, Christian"]
[Result "0-1"]
[Termination "normal"]
[Board "21"]
[WhiteElo "1150"]
[BlackElo "1404"]
[PlyCount "94"]
[WhiteFideId "16273346"]
[BlackFideId "16259068"]
[EventCountry "GER"]
[EventRounds "11"]
[EventType "swiss"]
[EventDate "2019.06.08"]

1. d4 d5 2. Nf3 Nf6 3. Bf4 g6 4. e3 Bg7 5. Nbd2 Nbd7 6. c3 h6 7. h3 O-O 8. g4
Ne8 9. Bd3 c5 10. Rc1 c4 11. Bb1 Nd6 12. Qc2 Re8 13. h4 e5 14. dxe5 Nxe5 15.
Nxe5 Bxe5 16. Bxe5 Rxe5 17. Nf3 Re8 18. h5 Bxg4 19. Ng1 Bf5 20. Qd2 Bxb1 21.
Rxb1 Ne4 22. Qe2 Qg5 23. hxg6 fxg6 24. Nf3 Qf5 25. Rxh6 Nxc3 26. bxc3 Qxb1+ 27.
Kd2 Qxa2+ 28. Ke1 Qxe2+ 29. Kxe2 Kg7 30. Rh4 a5 31. Rg4 b5 32. Nh4 Re6 33. Nf5+
Kf8 34. Nd4 Rb6 35. Rg5 Rd8 36. Re5 Kf7 37. f4 b4 38. Rg5 b3 39. Rg1 b2 40. Rb1
a4 41. Kd2 a3 42. Kc2 Ra8 43. Rxb2 Rxb2+ 44. Kd1 a2 45. Ne2 a1=Q+ 46. Nc1 Raa2
47. f5 Rd2+ 0-1

[Event "DEM U10 2019"]
[Site "Willingen GER"]
[Date "2019.06.10"]
[Round "3"]
[White "Chugunov, Ivan"]
[Black "Herrmann, Arthur"]
[Result "1-0"]
[Termination "normal"]
[Board "22"]
[WhiteElo "1310"]
[BlackElo "1233"]
[PlyCount "41"]
[WhiteFideId "16256808"]
[BlackFideId "16287150"]
[EventCountry "GER"]
[EventRounds "11"]
[EventType "swiss"]
[EventDate "2019.06.08"]

1. e4 e6 2. d4 d5 3. Nc3 Bb4 4. e5 c5 5. a3 Bxc3+ 6. bxc3 Ne7 7. Bd3 O-O 8. Nf3
Ng6 9. h4 Ne7 10. Bxh7+ Kh8 11. Bd3 c4 12. Ng5 g6 13. Be2 Nf5 14. g4 Ng7 15. h5
gxh5 16. Nf3 Nc6 17. Bg5 Qe8 18. Bf6 Kg8 19. Qd2 Kh7 20. Bxg7 Kxg7 21. Qg5+ 1-0

[Event "DEM U10 2019"]
[Site "Willingen GER"]
[Date "2019.06.10"]
[Round "3"]
[White "Brügmann, Nick"]
[Black "Detjen, Mattes"]
[Result "1-0"]
[Termination "normal"]
[Board "23"]
[WhiteElo "1415"]
[BlackElo "1296"]
[PlyCount "119"]
[WhiteFideId "16287126"]
[BlackFideId "16235690"]
[EventCountry "GER"]
[EventRounds "11"]
[EventType "swiss"]
[EventDate "2019.06.08"]

1. e4 e5 2. Nf3 Nc6 3. Bc4 Bc5 4. c3 Nf6 5. d3 a6 6. a4 d6 7. h3 h6 8. O-O O-O
9. Re1 Be6 10. Bxe6 fxe6 11. Nbd2 d5 12. exd5 exd5 13. Nxe5 Nd7 14. Nxc6 bxc6
15. d4 Bd6 16. Nf3 Qf6 17. Qe2 Rae8 18. Be3 a5 19. Qd3 Qd8 20. Bd2 Qb8 21. Red1
Rf6 22. Qc2 c5 23. dxc5 Bxc5 24. Nd4 Rf7 25. Be3 Bb6 26. Rab1 c5 27. Nb5 Ref8
28. Rf1 Ne5 29. f4 Nc4 30. Bf2 Rxf4 31. Qd3 Ne5 32. Qxd5+ Nf7 33. Bxc5 Rxf1+
34. Rxf1 Bxc5+ 35. Qxc5 Qg3 36. Qf2 Qg5 37. Nd6 Qe7 38. Nxf7 Rxf7 39. Qxf7+
Qxf7 40. Rxf7 Kxf7 41. Kf2 Ke6 42. Ke3 Ke5 43. g3 g5 44. b4 axb4 45. cxb4 Kd6
46. Ke4 Ke6 47. a5 Kd6 48. b5 Kc7 49. a6 Kb6 50. Kf5 g4 51. Kxg4 h5+ 52. Kxh5
Ka7 53. g4 Kb8 54. g5 Kc8 55. g6 Kd8 56. g7 Kc7 57. g8=Q Kb6 58. Qd8+ Ka7 59.
Qc7+ Ka8 60. Qb7# 1-0

[Event "DEM U10 2019"]
[Site "Willingen GER"]
[Date "2019.06.10"]
[Round "3"]
[White "Shkundin, Maximilian"]
[Black "Aniol, Nico"]
[Result "0-1"]
[Termination "normal"]
[Board "24"]
[WhiteElo "1224"]
[BlackElo "1406"]
[PlyCount "96"]
[WhiteFideId "16287258"]
[BlackFideId "16287096"]
[EventCountry "GER"]
[EventRounds "11"]
[EventType "swiss"]
[EventDate "2019.06.08"]

1. e4 d5 2. exd5 Nf6 3. Nf3 Nxd5 4. Bc4 Bg4 5. O-O Nc6 6. h3 Bh5 7. d3 e6 8.
Re1 Bc5 9. c3 O-O 10. d4 Bd6 11. Be3 Re8 12. Nbd2 Qd7 13. Qb3 Nb6 14. Bb5 a6
15. Bxc6 Qxc6 16. Rac1 Nd7 17. c4 Qb6 18. Qc3 Bb4 19. Qd3 Bg6 20. Qe2 Qa5 21.
a3 Bxd2 22. Bxd2 Qf5 23. Bb4 a5 24. Bc3 b6 25. Rcd1 Nf6 26. Nh4 Qg5 27. Nxg6
Qxg6 28. Rd3 Nh5 29. Re3 Nf4 30. Qf3 Qg5 31. Bd2 Qf6 32. Qe4 Ng6 33. R3e2 Rad8
34. Qb1 Rxd4 35. Bc3 Red8 36. Bxd4 Qxd4 37. Rc2 Nf4 38. Rc3 Qd2 39. Kh2 Qxf2
40. Rg1 Rd2 41. Qf1 Qxf1 42. Rxf1 Rxg2+ 43. Kh1 g5 44. Rcf3 Rxb2 45. Rg1 Ng6
46. Rxg5 Kg7 47. Rg2 Rxg2 48. Kxg2 Nh4+ 0-1

[Event "DEM U10 2019"]
[Site "Willingen GER"]
[Date "2019.06.10"]
[Round "3"]
[White "Mühlbauer, Adrian"]
[Black "Schlange, Jonathan"]
[Result "0-1"]
[Termination "normal"]
[Board "25"]
[WhiteElo "1193"]
[BlackElo "1488"]
[PlyCount "86"]
[WhiteFideId "16287223"]
[BlackFideId "16287240"]
[EventCountry "GER"]
[EventRounds "11"]
[EventType "swiss"]
[EventDate "2019.06.08"]

1. e4 c5 2. Nc3 Nc6 3. f4 d6 4. Bc4 Nf6 5. Nf3 Bg4 6. O-O Nd4 7. Bb5+ Nxb5 8.
Nxb5 Nxe4 9. d3 Nf6 10. Re1 a6 11. Nc3 g6 12. Ne4 Bg7 13. Nf2 Bxf3 14. Qxf3 b5
15. Ne4 O-O 16. Bd2 Nxe4 17. Qxe4 Bxb2 18. Rab1 Bf6 19. Kh1 d5 20. Qf3 e6 21.
Be3 d4 22. Bf2 Bg7 23. Qc6 Qc8 24. Qb6 Rb8 25. Qa5 Qc6 26. Qd2 Rfe8 27. Bg3 f5
28. Rb3 Qd6 29. Rbb1 e5 30. Re2 Rb7 31. Rbe1 Rbe7 32. fxe5 Bxe5 33. Bxe5 Rxe5
34. Kg1 Qd5 35. a3 f4 36. Kf2 Re3 37. Kg1 Qa2 38. Rxe3 Rxe3 39. Rxe3 fxe3 40.
Qc1 a5 41. Kf1 Qf7+ 42. Ke2 Qf2+ 43. Kd1 Qf1# 0-1

[Event "DEM U10 2019"]
[Site "Willingen GER"]
[Date "2019.06.10"]
[Round "3"]
[White "Buchinger, Alexis"]
[Black "Brandt, Mattis"]
[Result "1-0"]
[Termination "normal"]
[Board "27"]
[WhiteElo "1291"]
[BlackElo "1359"]
[PlyCount "125"]
[WhiteFideId "16287134"]
[BlackFideId "16267397"]
[EventCountry "GER"]
[EventRounds "11"]
[EventType "swiss"]
[EventDate "2019.06.08"]

1. e4 e6 2. d4 d5 3. Nd2 dxe4 4. Nxe4 Nd7 5. Nf3 Ngf6 6. Nxf6+ Nxf6 7. Be3 Be7
8. Bd3 O-O 9. O-O b6 10. c4 Bb7 11. Qe2 c5 12. dxc5 Bxf3 13. gxf3 Bxc5 14. Rad1
Qc7 15. Kh1 Bd6 16. Rg1 Bxh2 17. Rg2 Bf4 18. b3 Bxe3 19. fxe3 Nh5 20. Qb2 f6
21. Qc2 Ng3+ 22. Kg1 f5 23. Kf2 Nh5 24. Rh1 Nf6 25. e4 fxe4 26. Bxe4 Nxe4+ 27.
Qxe4 Qc5+ 28. Ke2 Qf5 29. Qb7 Qf7 30. Qe4 h6 31. Rxh6 Qf5 32. Rxe6 Qxe4+ 33.
Rxe4 Rfe8 34. Rxe8+ Rxe8+ 35. Kd3 Rd8+ 36. Kc3 Re8 37. Kb4 Re3 38. Rf2 Re5 39.
Kc3 Rc5 40. Kb4 a5+ 41. Ka4 Rf5 42. b4 axb4 43. Kxb4 Ra5 44. Rg2 Rf5 45. Rg3
Ra5 46. a4 Rf5 47. Rg6 Rxf3 48. Rxb6 Kf8 49. a5 Ke7 50. a6 Kd7 51. a7 Kc7 52.
a8=Q Rb3+ 53. Kxb3 Kxb6 54. Qb8+ Kc6 55. Qb5+ Kc7 56. Qa6 g6 57. c5 Kb8 58.
Qb6+ Kc8 59. Qa7 Kd8 60. c6 Ke8 61. Qd7+ Kf8 62. c7 Kg8 63. c8=Q# 1-0

[Event "DEM U10 2019"]
[Site "Willingen GER"]
[Date "2019.06.10"]
[Round "3"]
[White "Lumma, Justus"]
[Black "Theviot, Luca"]
[Result "0-1"]
[Termination "normal"]
[Board "28"]
[WhiteElo "1077"]
[BlackElo "1276"]
[PlyCount "64"]
[WhiteFideId "16287193"]
[BlackFideId "16277449"]
[EventCountry "GER"]
[EventRounds "11"]
[EventType "swiss"]
[EventDate "2019.06.08"]

1. e4 c5 2. Nc3 e5 3. Nf3 Nc6 4. Bb5 d6 5. d3 Be7 6. Bxc6+ bxc6 7. O-O Nf6 8.
Ng5 h6 9. Nf3 O-O 10. Nh4 Nxe4 11. Nxe4 Bxh4 12. g3 Be7 13. Be3 f5 14. Nc3 f4
15. Bd2 f3 16. Re1 Qd7 17. Re3 Qh3 18. Rxf3 Rxf3 19. Qxf3 Bg4 20. Qxc6 Rf8 21.
f4 exf4 22. Bxf4 Rxf4 23. gxf4 Bf3 24. Qe8+ Kh7 25. Kf2 Qg2+ 26. Ke3 Bf6 27. d4
cxd4+ 28. Kd3 dxc3 29. bxc3 Bg4 30. Qb5 Be2+ 31. Kd2 Bxb5+ 32. Ke1 Qe2# 0-1